Giải phẫu sinh lý : Sách dùng để dạy và học trong các trường Trung học Y tế

Đại cương về giải phẫu sinh lí. Hệ hô hấp, hệ tuần hoàn và máu, sinh lí tuần hoàn. Hệ tiêu hoá, sinh lí tiêu hoá. Hệ tiết niệu, sinh lí tiết liệu. Hệ sinh dục

Spremljeno u:
Bibliografski detalji
Format: Knjiga
Jezik:Undetermined
Izdano: Hà Nội Y học 1999
Teme:
Oznake: Dodaj oznaku
Bez oznaka, Budi prvi tko označuje ovaj zapis!
Thư viện lưu trữ: Trung tâm Học liệu Trường Đại học Cần Thơ
LEADER 00893nam a2200205Ia 4500
001 CTU_240341
008 210402s9999 xx 000 0 und d
020 |c 30000 
082 |a 611 
082 |b Gi103 
245 0 |a Giải phẫu sinh lý : 
245 0 |b Sách dùng để dạy và học trong các trường Trung học Y tế 
245 0 |c Đinh Quế Châu, Dương Hữu Long (Biên soạn) 
260 |a Hà Nội 
260 |b Y học 
260 |c 1999 
520 |a Đại cương về giải phẫu sinh lí. Hệ hô hấp, hệ tuần hoàn và máu, sinh lí tuần hoàn. Hệ tiêu hoá, sinh lí tiêu hoá. Hệ tiết niệu, sinh lí tiết liệu. Hệ sinh dục 
650 |a Giải phẫu người,Human anatomy 
910 |b Hải 
980 |a Trung tâm Học liệu Trường Đại học Cần Thơ